000 00712nam a2200205Ii 4500
003 JO-AjNU
008 230605s9999||||xx |||||||||||||| ||und||
040 _aJO-AjNU
_bara
_erda
_cJO-AjNU
041 _aara
050 1 4 _aJC348.K44.1999
100 3 _a الخطيب ، نعمان أحمد ,
_eauthor
_947230
245 0 0 _aالوسيط في النظم السياسية والقانون الدستوري
250 _aط1
264 3 1 _aعمان ، مكتبة دار الثقافة ، 1999
300 _a656ص
336 _atext
_btxt
_2rdacontent
337 _aunmediated
_bn
_2rdamedia
338 _avolume
_bnc
_2rdacarrier
650 4 _aالنظم السياسية -- القانون الدستوري
_947231
999 _aA20603
_c24171
_d24171